The law reports index 1971-1976 / (Record no. 10027)
[ view plain ]
| 000 -LEADER | |
|---|---|
| fixed length control field | 00574nam a22001337a 4500 |
| 005 - DATE AND TIME OF LATEST TRANSACTION | |
| control field | 20230905104728.0 |
| 008 - FIXED-LENGTH DATA ELEMENTS--GENERAL INFORMATION | |
| fixed length control field | 230904b ||||| |||| 00| 0 eng d |
| 050 ## - LIBRARY OF CONGRESS CALL NUMBER | |
| Classification number | REF |
| 245 ## - TITLE STATEMENT | |
| Title | The law reports index 1971-1976 / |
| Statement of responsibility, etc. | edited by E. Kofi Tetteh. |
| 260 ## - PUBLICATION, DISTRIBUTION, ETC. | |
| Place of publication, distribution, etc. | Accra : |
| Name of publisher, distributor, etc. | Council for Law Reporting |
| Date of publication, distribution, etc. | 1977. |
| 505 ## - FORMATTED CONTENTS NOTE | |
| Formatted contents note | Contents: Cases reported -- Subjected-matter -- Cases judicially considered -- Statutes judicially considered -- Subsidiary legislation judicially considered -- Overseas legislation judicially considered. |
| 700 ## - ADDED ENTRY--PERSONAL NAME | |
| Personal name | Tetteh, E Kofi. |
| 9 (RLIN) | 877 |
| 942 ## - ADDED ENTRY ELEMENTS (KOHA) | |
| Source of classification or shelving scheme | Library of Congress Classification |
| Koha item type | Books |
| Withdrawn status | Lost status | Source of classification or shelving scheme | Damaged status | Not for loan | Home library | Current library | Shelving location | Date acquired | Total Checkouts | Full call number | Barcode | Date last seen | Copy number | Price effective from | Koha item type |
|---|---|---|---|---|---|---|---|---|---|---|---|---|---|---|---|
| Library of Congress Classification | WISCONSIN INTERNATIONAL UNIVERSITY COLLEGE, GHANA - MAIN LIBRARY | WISCONSIN INTERNATIONAL UNIVERSITY COLLEGE, GHANA - MAIN LIBRARY | Law Library | 04/09/2023 | REF | 3229/389/23 | 04/09/2023 | 1 | 04/09/2023 | Books | |||||
| Library of Congress Classification | WISCONSIN INTERNATIONAL UNIVERSITY COLLEGE, GHANA - MAIN LIBRARY | WISCONSIN INTERNATIONAL UNIVERSITY COLLEGE, GHANA - MAIN LIBRARY | Law Library | 04/09/2023 | REF | 3312/420/23 | 04/09/2023 | 2 | 04/09/2023 | Books |
